Language Quiz

Random Language or Letter Quiz

3-Vowel 5-Letter Words (A-Z) Quiz Stats

Quiz Updated Jan 16, 2013

Also try: 5-Letter Blitz
Challenge
Share
Tweet
Embed
Score 0/26 Timer 04:00
1 Play Today
Hint Word (A-Z) % Correct
The key ingredient in chocolatecocoa
95.5%
A female monarchqueen
92.7%
What a princess may wear on her headtiara
91.4%
A keyed musical instrumentpiano
90.9%
Mathematical word for 'same'equal
88.9%
A rental agreement, e.g.lease
88%
A bowed string instrumentviola
87.2%
Major internet company, or gleeful exclamationYahoo!
86.9%
Japanese syllabic type of poemhaiku
86.6%
Type of Inuit living spaceigloo
85.2%
Ross, Krall, or Princess of Wales, e.g.Diana
84.1%
An Australian marsupialkoala
83.1%
Canadian migrating birdgoose
77.1%
Hint Word (A-Z) % Correct
To join togetherunite
72.3%
Indian currencyrupee
70.8%
Male admirers or boyfriendsbeaux
70.6%
A unit of energyjoule
67.6%
A 'talkie' was an early form of thismovie
66.3%
Democratic Republic of the Congo, formerlyZaire
65.3%
Kelp are these types of simple organismsalgae
61.1%
One who attempts to court anotherwooer
57%
An imperial unit of massounce
46.1%
Regional animal populationfauna
45.6%
A tool used to separate different sized materialsieve
44.1%
Oceania single-island nationNauru
41.1%
Greek word for concept of 'hospitality'xenia
12.3%

You're not logged in!

Compare scores with friends on all Sporcle quizzes.
Sign Up with Email
OR
Log In

You Might Also Like...

Show Comments

Extras

Top Quizzes Today


Score Distribution

Your Account Isn't Verified!

In order to create a playlist on Sporcle, you need to verify the email address you used during registration. Go to your Sporcle Settings to finish the process.